| 000 | 00893nam a2200229 a 4500 | ||
|---|---|---|---|
| 001 | 000038341 | ||
| 003 | DO-SdBNP | ||
| 005 | 20230309102233.0 | ||
| 008 | 081117s2002 dr l o000 0 spa d | ||
| 040 |
_aDO-SdBNP _bspa _cBNPHU |
||
| 082 |
_a344.729302 _bR426Le, 2002 |
||
| 110 | 1 |
_aRepública Dominicana _9447 |
|
| 240 | 1 | 0 | _aLeyes, etc. |
| 245 | 1 | 0 | _aLey no. 87-01 que crea el sistema dominicano de seguridad social promulgada el 9 de mayo del 2001. |
| 250 | _aEdición oficial. | ||
| 260 |
_aSanto Domingo : _bSecretaria de Estado de Trabajo, Consejo Nacional de Seguridad Social., _c2002. |
||
| 300 |
_a168 p. ; _c22 cm. |
||
| 650 | 1 | 4 |
_aSeguridad social _xLegislación _zRepública Dominicana _914351 |
| 710 | 1 | 2 |
_aRepública Dominicana. _bSecretaria de Estado de Trabajo. Consejo Nacional de Seguridad Social. _964701 |
| 910 | _aValidado. Control de calidad MFF | ||
| 942 |
_2ddc _cLBS1 |
||
| 999 |
_c37831 _d37831 |
||